<?xml version="1.0" encoding="UTF-8"?>
<record
    xmlns:xsi="http://www.w3.org/2001/XMLSchema-instance"
    xsi:schemaLocation="http://www.loc.gov/MARC21/slim http://www.loc.gov/standards/marcxml/schema/MARC21slim.xsd"
    xmlns="http://www.loc.gov/MARC21/slim">

  <leader>01503nam a2200229 a 4500</leader>
  <controlfield tag="001">000029100</controlfield>
  <controlfield tag="005">20240307073948.0</controlfield>
  <controlfield tag="008">110413s1982    dr            000 0 spa d</controlfield>
  <datafield tag="040" ind1=" " ind2=" ">
    <subfield code="a">DO-SdBNP</subfield>
    <subfield code="b">spa</subfield>
    <subfield code="c">BNPHU</subfield>
  </datafield>
  <datafield tag="082" ind1=" " ind2=" ">
    <subfield code="a">xxxx</subfield>
    <subfield code="b">xxxx</subfield>
  </datafield>
  <datafield tag="110" ind1="1" ind2=" ">
    <subfield code="a">Universidad Aut&#xF3;noma de Santo Domingo</subfield>
    <subfield code="9">72951</subfield>
  </datafield>
  <datafield tag="245" ind1="1" ind2="0">
    <subfield code="a">Instructivos para el dise&#xF1;o y planificaci&#xF3;n de los planes de estudios y programas /</subfield>
    <subfield code="c">presentaci&#xF3;n ; Pablo Ma. Hern&#xE1;ndez.</subfield>
  </datafield>
  <datafield tag="260" ind1=" " ind2=" ">
    <subfield code="a">Santo Domingo :</subfield>
    <subfield code="b">Publicaciones de la Universidad Aut&#xF3;noma de Santo Domingo,</subfield>
    <subfield code="c">1982.</subfield>
  </datafield>
  <datafield tag="300" ind1=" " ind2=" ">
    <subfield code="a">44 p. ;</subfield>
    <subfield code="c">21 cm.</subfield>
  </datafield>
  <datafield tag="490" ind1="1" ind2=" ">
    <subfield code="a">OPLAU</subfield>
    <subfield code="v">1</subfield>
  </datafield>
  <datafield tag="490" ind1="1" ind2=" ">
    <subfield code="a">Planes de estudios</subfield>
  </datafield>
  <datafield tag="504" ind1=" " ind2=" ">
    <subfield code="a">Bibliograf&#xED;a : P. 43-44</subfield>
  </datafield>
  <datafield tag="505" ind1="0" ind2=" ">
    <subfield code="a">DISE&#xD1;O Y PLANIFICACI&#xD3;N DE LOS PLANES DE ESTUDIOS --</subfield>
    <subfield code="t">Estratificaci&#xF3;n del plan de estudio --</subfield>
    <subfield code="t">El plan de estudios --</subfield>
    <subfield code="t">Estructura del plan de estudio (elementos) --</subfield>
    <subfield code="t">Un concepto de objetivos --</subfield>
    <subfield code="t">Como planificar los objetivos para las carreras universitarias --</subfield>
    <subfield code="t">Los objetivos de la carrera --</subfield>
    <subfield code="t">Objetivos de las carreras con ciclos --</subfield>
    <subfield code="t">Campo de ejercicio --</subfield>
    <subfield code="t">Aptitudes vocacionales --</subfield>
    <subfield code="t">Agrupaci&#xF3;n de las asignaturas --</subfield>
    <subfield code="t">Esquemas semestrales --</subfield>
    <subfield code="t">Otras recomendaciones adicionales --</subfield>
    <subfield code="t">DISE&#xD1;O Y PLANIFICACI&#xD3;N DE LOS PROGRAMAS DE LAS ASIGNATURAS --</subfield>
    <subfield code="t">Programas --</subfield>
    <subfield code="t">Su estructura --</subfield>
    <subfield code="t">La selecci&#xF3;n de los contenidos del curriculo --</subfield>
    <subfield code="t">DISE&#xD1;O DE UN MODELO DE PROGRAMA Y T&#xC9;CNICA DE ELABORACI&#xD3;N DE TESIS.</subfield>
  </datafield>
  <datafield tag="700" ind1="1" ind2="2">
    <subfield code="a">Hern&#xE1;ndez, Pablo Ma.,</subfield>
    <subfield code="e">pres.</subfield>
    <subfield code="9">56001</subfield>
  </datafield>
  <datafield tag="830" ind1=" " ind2="0">
    <subfield code="a">OPLAU</subfield>
    <subfield code="v">1</subfield>
    <subfield code="9">56002</subfield>
  </datafield>
  <datafield tag="830" ind1=" " ind2="0">
    <subfield code="a">Planes de estudios</subfield>
    <subfield code="9">56003</subfield>
  </datafield>
  <datafield tag="952" ind1=" " ind2=" ">
    <subfield code="0">0</subfield>
    <subfield code="1">0</subfield>
    <subfield code="7">1</subfield>
    <subfield code="8">PD</subfield>
    <subfield code="a">PD</subfield>
    <subfield code="b">PD</subfield>
    <subfield code="c">CT</subfield>
    <subfield code="d">2011-04-13</subfield>
    <subfield code="i">LF1</subfield>
    <subfield code="l">0</subfield>
    <subfield code="o">xxxx xxxx</subfield>
    <subfield code="p">29100-10</subfield>
    <subfield code="r">2020-06-25</subfield>
    <subfield code="w">2020-06-25</subfield>
    <subfield code="y">LFPD</subfield>
    <subfield code="Z">No se presta</subfield>
  </datafield>
  <datafield tag="952" ind1=" " ind2=" ">
    <subfield code="0">0</subfield>
    <subfield code="1">0</subfield>
    <subfield code="7">1</subfield>
    <subfield code="8">PD</subfield>
    <subfield code="a">PD</subfield>
    <subfield code="b">PD</subfield>
    <subfield code="c">CT</subfield>
    <subfield code="d">2011-04-13</subfield>
    <subfield code="i">LF1</subfield>
    <subfield code="l">0</subfield>
    <subfield code="o">xxxx xxxx</subfield>
    <subfield code="p">29100-20</subfield>
    <subfield code="r">2020-06-25</subfield>
    <subfield code="t">e. 2</subfield>
    <subfield code="w">2020-06-25</subfield>
    <subfield code="y">LFPD</subfield>
    <subfield code="Z">No se presta</subfield>
  </datafield>
  <datafield tag="999" ind1=" " ind2=" ">
    <subfield code="c">28592</subfield>
    <subfield code="d">28592</subfield>
  </datafield>
</record>
